000 00827nam a2200277Ia 4500
001 Para_6187
003 CHAP
008 220125s1982 xx 000 0 und d
010 _a204807
040 _cCHAP
090 _aPA FOLLETO 300
100 _aJiménez Cordero, Angel Andrés
_961474
245 _aGuía para cultivar sorgo en el Bajío /
_c por Angel Andrés Jiménez Cordero [y otros]
260 _aCelaya, Gto. :
_b INIA. CIAB
300 _a27 p.
440 _aFolleto para productores; 5
_9166372
650 _aSorgo
_9108622
710 _aInstituto Nacional de Investigaciones Agrícolas (México). CIAB
_9164111
901 _aPA FOLLETO 300
902 _aA
905 _a0000001982 a 0000000000 00
910 _a1982
942 _cPARA
942 _cPARA
_d1
999 _c204807
_d204807